Eastern Europe Conflicts Quiz Stats

 Plays Quiz not verified by Sporcle

Score 0/20 Timer 10:00
0 Plays Today
Conflict Country % Correct
the Nagorno-Karabakh conflict-turks and Azerbaijan vs. ________Armenia
63.5%
Bosnian war- Serbs vs. Croats Bosnia
61.5%
1992 Civil war in Transnistria vs. GeorgiaMoldova
61.5%
Nagorno-Karabakh War with Armenia ended in 1994Azerbaijan
61.5%
Kosovo war- (Guerillas vs. Tito. Albanian vs. Serb)Kosovo
60.6%
Orange RevolutionUkraine
58.7%
Dispute with Greece on Norther Epirus Albania
52.9%
Conflict with Serbia (Balkin wars, Kosovo conflict)Albania
51%
Rose Revolution, Shevardnadze removed Georgia
51%
2010 Southern clashes with Uzbeks Kyrgyzstan
48.1%
Conflict Country % Correct
Tensions with ethnic Russians-limited use of own languageBelarus
41.3%
Rosh riots vs. UzbeksKyrgyzstan
40.4%
Civil war vs. Serbs (2001) Macedonia
38.5%
Bosnian and Croatian Wars. Police and Military joined Serbs Montenegro
37.5%
10 days war-faught communist (1991)Slovenia
36.5%
1991 Coup of Gamsakhurdia, civil warGeorgia
35.6%
Andijan massacre, Anti RussianUzbekistan
33.7%
Soviet try to overthrow democrats, (1991)Latvia
31.7%
Tensions with soviets (Guerilla war, tv tower massacre) Lithuania
31.7%
1992-1997 Civil war. Ethnic groups from the Garm and Gorno-Tajikistan
24%

You're not logged in!

Compare scores with friends on all Sporcle quizzes.
OR
Log In

You Might Also Like...

Show Comments

Extras

Top Quizzes Today


Score Distribution

Your Account Isn't Verified!

In order to create a playlist on Sporcle, you need to verify the email address you used during registration. Go to your Sporcle Settings to finish the process.

Report this User

Report this user for behavior that violates our Community Guidelines.

Details: